Statistics for Liverpool F.C General Knowledge

Click here to take the quiz!

General Stats

  • This quiz has been taken 2,652 times
  • The average score is 6 of 19

Answer Stats

HintAnswer% Correct
How many times have they played a european final?7
82%
How many times have Liverpool won the top league?18
81%
What year were Liverpool founded?1892
55%
Who scored the fastest Premier League hat-trick in 4mins 33secs?Robbie Fowler
54%
A match between Liverpool and Everton is known as what?Merseyside derby
52%
Who has the most goals for Liverpool in all competitions with 346?Ian Rush
45%
Most expensive player?Andy Carroll
44%
Who is Liverpools record goalscorer in europe?Steven Gerrard
38%
Who is Liverpool youngest goal scorer?Michael Owen
31%
And who was the only Liverpool player to miss?John Arne Riise
26%
Who has the most appearences for Liverpool in all competitions with 857?Ian Callaghan
18%
What is the name of Liverpool's new ground?Stanley Park
16%
Who scored the final winning penalty in the 2005 final?Vladimír Šmicer
15%
What colour was Liverpool's original kit?Blue and White
13%
Who do the Kopites refure to as 'God'?Bill Shankly
11%
Who did Liverpool beat in thier first european final?Borussia Mönchengladbach
9%
Who founded Liverpool F.C?John Houlding
5%
Who wrote the song 'You'll never walk alone'?Gerry & The Pacemakers
2%
What year did the do the League and European double?1976-77
1%

Score Distribution

Percentile by Number Answered

Percent of People with Each Score

Your Score History

You have not taken this quiz